000 00621nam a22001697a 4500
008 160602b xxu||||| |||| 00| 0 eng d
082 _22012
_aUT 0333
_bSa57
100 _99798
_aSandoval, John Ralph.
245 _aTeachers occupational stress and its relationship to students motivation towards learning/
_cJohn Ralph Sandoval [and three others].
260 _aDigos City:
_bUMDC
_cMarch 2012.
300 _a28 pages;
_c28 cm.
650 0 _99797
_aElementary Education
_xUndergraduate thesis.
700 _99794
_aDagangon, Anna Lyn.
700 _99795
_aGasing, Alexis.
700 _99796
_aManit, Jinny.
942 _2ddc
_cUT
999 _c2942
_d2942